Central Library, Doon University
WEBOPAC (ONLINE PUBLIC ACCESS CATALOGUE)

Science and Technology Medicine (Record no. 60791)

MARC details
000 -LEADER
fixed length control field 00500nam a22001817a 4500
005 - DATE & TIME
control field 20260514121826.0
008 - FIXED-LENGTH DATA ELEMENTS--GENERAL INFORMATION
fixed length control field 260514b |||||||| |||| 00| 0 eng d
020 ## - ISBN
International Standard Book Number 9788173054884
Price 5950.00
040 ## - CATALOGING SOURCE
Original cataloging agency Doon University
041 ## - Language
Language English
082 ## - DDC NUMBER
Classification number 610.28
Book Number SCI
100 ## - MAIN ENTRY--PERSONAL NAME
Personal name Chakrabarti, Dilip K. (ed)
245 ## - TITLE STATEMENT
Title Science and Technology Medicine
Sub Title : History of Ancient India
260 ## - PUBLICATION, DISTRIBUTION, ETC. (IMPRINT)
Place of publication, distribution, etc New Delhi
Name of publisher, distributor, etc Aryan Books
Date of publication, distribution, etc 2023
300 ## - PHYSICAL DESCRIPTION
Pages 580
Other Details Vol.9th
650 ## - Subject
Subject Communication
942 ## - ADDED ENTRY ELEMENTS (KOHA)
Koha item type Books
100 ## - MAIN ENTRY--PERSONAL NAME
-- 26821
952 ## - LOCATION AND ITEM INFORMATION (KOHA)
-- 2026-05-14
952 ## - LOCATION AND ITEM INFORMATION (KOHA)
-- 2026-05-14
Holdings
Withdrawn status Lost status Source of classification or shelving scheme Damaged status Not for loan Location (home branch) Sublocation or collection (holding branch) Date acquired Koha full call number Accession No. Koha date last seen Koha item type Koha issues (times borrowed)
        Not For Loan Doon University Doon University 14.05.2026 610.28 SCI 54029 14.05.2026 Reference  
          Doon University Doon University 14.05.2026 610.28 SCI 54030 14.05.2026 Books  
Contact : +91-135-2533126 (Library),+91-135-2533105 (Admin Office) , Email : doonlibrary@gmail.com

Powered by Koha